[Event "European Rapid 2011"]
[Site "Warsaw POL"]
[Date "2011.12.17"]
[Round "5"]
[White "Kempinski, Robert"]
[Black "Polgar, Judit"]
[Result "1/2-1/2"]
[WhiteElo "2603"]
[BlackElo "2710"]
[PlyCount "114"]
[EventDate "2011.12.17"]

1. d4 Nf6 2. c4 g6 3. g3 Bg7 4. Bg2 d5 5. cxd5 Nxd5 6. e4 Nb6 7. Ne2 O-O 8. O-O
Bg4 9. Nbc3 Na6 10. e5 Qc8 11. Bg5 f6 12. exf6 exf6 13. Bf4 g5 14. Be3 Bh3 15.
Qb3+ Kh8 16. d5 Bxg2 17. Kxg2 c5 18. Rfd1 h6 19. h4 Qg4 20. f3 Qd7 21. Qb5 Qxb5
22. Nxb5 Rae8 23. Kf2 Nc4 24. Bc1 f5 25. hxg5 hxg5 26. Rb1 Nb4 27. b3 Ne5 28.
Bxg5 Nbd3+ 29. Kf1 Nxf3 30. Rxd3 Nxg5 31. Nf4 Kg8 32. Nd6 Rb8 33. Re1 b5 34.
Ne6 Rf6 35. Nxb5 Ne4 36. Nbc7 Bf8 37. Nxf8 Kxf8 38. Ne6+ Kf7 39. Rc1 Rh6 40.
Kg2 a5 41. Rf3 Kg6 42. Nxc5 Rbh8 43. Rf4 Rh2+ 44. Kf3 Rc8 45. Rxe4 fxe4+ 46.
Kxe4 Rxa2 47. Rc4 Rd2 48. Ke5 Rd8 49. Rg4+ Kf7 50. Rd4 Re2+ 51. Kf5 Rf2+ 52.
Ke5 Re2+ 53. Kf5 Ke7 54. Ne4 Rf8+ 55. Ke5 Kd7 56. d6 Re3 57. g4 Kc6 1/2-1/2

[Event "European Rapid 2011"]
[Site "Warsaw POL"]
[Date "2011.12.17"]
[Round "5"]
[White "Dziuba, Marcin"]
[Black "Wojtaszek, Radoslaw"]
[Result "1/2-1/2"]
[WhiteElo "2589"]
[BlackElo "2705"]
[PlyCount "43"]
[EventDate "2011.12.17"]

1. d4 Nf6 2. c4 e6 3. g3 c5 4. d5 d6 5. Bg2 exd5 6. cxd5 g6 7. Nc3 Bg7 8. Nf3
O-O 9. O-O Re8 10. Nd2 b6 11. a4 Ba6 12. h3 Qe7 13. Re1 Nbd7 14. Nb5 Ne5 15.
Qc2 Bb7 16. e4 a6 17. Na3 Ned7 18. Rd1 b5 19. Rb1 Rab8 20. axb5 axb5 21. Nxb5
Nb6 22. b3 1/2-1/2

[Event "European Rapid 2011"]
[Site "Warsaw POL"]
[Date "2011.12.17"]
[Round "5"]
[White "Shirov, Alexei"]
[Black "Mista, Aleksander"]
[Result "1-0"]
[WhiteElo "2705"]
[BlackElo "2587"]
[PlyCount "81"]
[EventDate "2011.12.17"]

1. e4 c5 2. Nf3 Nc6 3. d4 cxd4 4. Nxd4 Nf6 5. Nc3 e5 6. Ndb5 d6 7. Bg5 a6 8.
Na3 b5 9. Nd5 Be7 10. Bxf6 Bxf6 11. c4 b4 12. Nc2 O-O 13. g3 a5 14. Bg2 Be6 15.
h4 Bxd5 16. cxd5 Nb8 17. Ne3 Na6 18. Rc1 Rc8 19. O-O Rxc1 20. Qxc1 Nc5 21. Nc4
g6 22. Qe3 Kg7 23. f4 exf4 24. gxf4 Bxh4 25. e5 Be7 26. f5 gxf5 27. Rxf5 dxe5
28. Rh5 Rh8 29. d6 h6 30. Qxc5 Bf6 31. Rh3 Re8 32. Bc6 Rg8 33. Qe3 Kh7+ 34. Kf1
Rg5 35. d7 Kg7 36. Nd6 Rg6 37. Nf5+ Kf8 38. Rxh6 Qc7 39. Rxg6 fxg6 40. Qh6+ Kf7
41. Bd5# 1-0

[Event "European Rapid 2011"]
[Site "Warsaw POL"]
[Date "2011.12.17"]
[Round "5"]
[White "Moranda, Wojciech"]
[Black "Jobava, Baadur"]
[Result "0-1"]
[WhiteElo "2568"]
[BlackElo "2678"]
[PlyCount "70"]
[EventDate "2011.12.17"]

1. d4 Nf6 2. c4 e6 3. Nf3 Bb4+ 4. Bd2 Bxd2+ 5. Qxd2 d5 6. g3 Nbd7 7. Bg2 c6 8.
Ne5 Nxe5 9. dxe5 Nd7 10. f4 O-O 11. O-O Nb6 12. Na3 Qe7 13. Rac1 a5 14. Rfd1
Na4 15. e4 Qb4 16. b3 Qc5+ 17. Qd4 Qxa3 18. bxa4 c5 19. Qd3 Qxd3 20. Rxd3 d4
21. Rb1 Bd7 22. Rb5 Bxb5 23. axb5 h6 24. g4 g5 25. f5 exf5 26. exf5 Rae8 27.
Bxb7 Rxe5 28. Kf2 Rfe8 29. Bf3 Re3 30. Rxe3 Rxe3 31. b6 Re8 32. b7 Kg7 33. Bc6
Rb8 34. Kf3 Kf6 35. Ke4 Ke7 0-1

[Event "European Rapid 2011"]
[Site "Warsaw POL"]
[Date "2011.12.17"]
[Round "5"]
[White "Dreev, Aleksey"]
[Black "Strzemiecki, Zbigniew"]
[Result "1-0"]
[WhiteElo "2710"]
[BlackElo "2403"]
[PlyCount "97"]
[EventDate "2011.12.17"]

1. d4 Nf6 2. c4 e6 3. Nc3 Bb4 4. Qc2 d5 5. cxd5 Qxd5 6. Nf3 Qf5 7. Qb3 c5 8. a3
Bxc3+ 9. Qxc3 Nbd7 10. g4 Qd5 11. Bg2 cxd4 12. Qxd4 Qxd4 13. Nxd4 Nxg4 14. Nb5
O-O 15. Bd2 Ndf6 16. Rc1 Bd7 17. Nd6 Bc6 18. Bxc6 bxc6 19. Rxc6 Rfd8 20. Ba5
Rd7 21. O-O Ne5 22. Ra6 Nd5 23. Rc1 g5 24. Ne4 h6 25. Rd1 Rb7 26. b4 Nc4 27.
Nd6 Nxd6 28. Rxd6 Rc8 29. e4 Nc3 30. Rd8+ Rxd8 31. Rxd8+ Kg7 32. f3 Nb5 33. Rd3
e5 34. Kf2 Nd4 35. Rc3 Nb5 36. Rd3 Nd4 37. Ke3 Rd7 38. a4 a6 39. Rc3 Kg6 40.
Bb6 f5 41. exf5+ Kxf5 42. Rc8 Rd6 43. Bc5 Rd7 44. Rf8+ Ke6 45. Ra8 Kd5 46. Rxa6
Kc4 47. Ke4 Nb3 48. Bf8 Rf7 49. Rc6+ 1-0

[Event "European Rapid 2011"]
[Site "Warsaw POL"]
[Date "2011.12.17"]
[Round "5"]
[White "Lavendelis, Egons"]
[Black "Riazantsev, Alexander"]
[Result "1-0"]
[WhiteElo "2347"]
[BlackElo "2710"]
[PlyCount "53"]
[EventDate "2011.12.17"]

1. e4 c6 2. d4 d5 3. Nc3 dxe4 4. Nxe4 Bf5 5. Nc5 Nd7 6. Nxb7 Qc7 7. Nc5 Nxc5 8.
dxc5 Rd8 9. Qe2 e6 10. Be3 Qa5+ 11. c3 Bxc5 12. Qc4 Bxe3 13. Qxc6+ Ke7 14. fxe3
Nf6 15. Bb5 Rd6 16. Qb7+ Nd7 17. Bxd7 Rxd7 18. Qf3 Rb8 19. b4 Qe5 20. Ne2 Rxb4
21. O-O Rb2 22. Nd4 Qe4 23. Qg3 Bg6 24. Rf4 Rb1+ 25. Rxb1 Qxb1+ 26. Rf1 Qxa2
27. Nc6+ 1-0

[Event "European Rapid 2011"]
[Site "Warsaw POL"]
[Date "2011.12.17"]
[Round "6"]
[White "Bacrot, Etienne"]
[Black "Korobov, Anton"]
[Result "0-1"]
[WhiteElo "2714"]
[BlackElo "2660"]
[PlyCount "96"]
[EventDate "2011.12.17"]

1. d4 d5 2. c4 c6 3. Nf3 Nf6 4. Nc3 e6 5. e3 Nbd7 6. Qc2 Bd6 7. Bd3 O-O 8. O-O
dxc4 9. Bxc4 b5 10. Bd3 Bb7 11. a3 a5 12. e4 e5 13. Rd1 Qc7 14. h3 Rfe8 15. Be3
Rac8 16. Rac1 Qb8 17. dxe5 Nxe5 18. Nxe5 Bxe5 19. b4 axb4 20. axb4 Bxc3 21.
Qxc3 Nxe4 22. Qc2 Nf6 23. Bd4 Qf4 24. Bxf6 Qxf6 25. Bxh7+ Kh8 26. Be4 Qe7 27.
Rd4 Rcd8 28. Qe2 g6 29. Rxd8 Rxd8 30. Qf3 Kg8 31. Rb1 Rd6 32. Qf4 Kg7 33. Bf3
Qf6 34. Qc1 Bc8 35. Qc5 Bd7 36. Rc1 Rd4 37. Re1 Rc4 38. Qa7 Bxh3 39. Be2 Qg5
40. Bf1 Rg4 41. Qa1+ Kh7 42. g3 Bxf1 43. Kxf1 Qd5 44. Kg1 Qd4 45. Qc1 Rxg3+ 46.
Kf1 Qd3+ 47. Re2 Qd5 48. Qf4 Qh1# 0-1

[Event "European Rapid 2011"]
[Site "Warsaw POL"]
[Date "2011.12.17"]
[Round "6"]
[White "Romanov, Evgeny"]
[Black "Shirov, Alexei"]
[Result "0-1"]
[WhiteElo "2627"]
[BlackElo "2705"]
[PlyCount "48"]
[EventDate "2011.12.17"]

1. Nf3 d5 2. d4 c6 3. Bf4 Qb6 4. Qc1 Bg4 5. Nbd2 Nd7 6. e3 Ngf6 7. c4 g6 8. Be2
Bg7 9. h3 Bf5 10. O-O h6 11. Ne5 O-O 12. Bf3 g5 13. Bh2 c5 14. cxd5 cxd4 15. e4
Nxe5 16. Bxe5 Bg6 17. Qd1 Rac8 18. Re1 Qxb2 19. Nb3 Nxe4 20. Bxe4 Bxe5 21. Bxg6
fxg6 22. Rxe5 Rxf2 23. Qg4 Rcc2 24. Kh1 Rxg2 0-1

[Event "European Rapid 2011"]
[Site "Warsaw POL"]
[Date "2011.12.17"]
[Round "6"]
[White "Jobava, Baadur"]
[Black "Neiksans, Arturs"]
[Result "1-0"]
[WhiteElo "2678"]
[BlackElo "2502"]
[PlyCount "113"]
[EventDate "2011.12.17"]

1. d4 f5 2. Nc3 Nf6 3. Bg5 d5 4. Bxf6 exf6 5. e3 Be6 6. Bd3 Qd7 7. Nge2 Nc6 8.
a3 g6 9. O-O Bd6 10. Nb5 Be7 11. b3 a6 12. Nbc3 O-O 13. Nb1 Na5 14. Nd2 b5 15.
b4 Nc4 16. Nb3 Bf7 17. Nc5 Qc6 18. Nb3 Bd6 19. Ra2 Kg7 20. Qa1 a5 21. Bxc4 Qxc4
22. Nec1 axb4 23. axb4 Rxa2 24. Nxa2 Qxc2 25. Na5 f4 26. exf4 Bxf4 27. Qb1 Qxb1
28. Rxb1 Re8 29. g3 Bd6 30. Nc3 c6 31. Rb3 Re1+ 32. Kg2 Be8 33. Nb7 Be7 34. Nc5
Bxc5 35. bxc5 Ra1 36. Kf3 g5 37. Ke3 Bg6 38. Rb2 Ra3 39. Kd2 Kf7 40. Ra2 b4 41.
Rxa3 bxa3 42. Kc1 Bd3 43. Na2 Ke6 44. Nb4 Bb5 45. Nc2 Kf5 46. f3 h5 47. Ne3+
Ke6 48. Kc2 Bc4 49. Kc3 a2 50. Kb2 Bb3 51. h4 gxh4 52. gxh4 Bc4 53. f4 Bb3 54.
Ka1 Bc4 55. f5+ Kd7 56. Nxc4 dxc4 57. Kxa2 1-0

[Event "European Rapid 2011"]
[Site "Warsaw POL"]
[Date "2011.12.17"]
[Round "6"]
[White "Markowski, Tomasz"]
[Black "Nepomniachtchi, Ian"]
[Result "0-1"]
[WhiteElo "2606"]
[BlackElo "2730"]
[PlyCount "106"]
[EventDate "2011.12.17"]

1. d4 Nf6 2. c4 g6 3. Nc3 d5 4. cxd5 Nxd5 5. g3 Bg7 6. Bg2 Nb6 7. e3 O-O 8.
Nge2 Nc6 9. O-O Bf5 10. h3 Qc8 11. Kh2 Rd8 12. b3 e5 13. d5 e4 14. Ba3 Ne5 15.
d6 Nf3+ 16. Kh1 cxd6 17. Rc1 Qd7 18. g4 Bxg4 19. Nxe4 Bxh3 20. Bxf3 Bxf1 21.
Qxf1 Qf5 22. Bg2 Qa5 23. Bxd6 Qxa2 24. Bc7 Rd5 25. Nf4 Rd7 26. Bxb6 axb6 27.
Qb5 Qa3 28. Rf1 Rad8 29. Qxb6 Qe7 30. Kg1 Be5 31. Ng3 Qh4 32. Nfe2 Rd2 33. f4
Bd6 34. Qxb7 Bc5 35. Qe4 R2d3 36. Rf3 Rxb3 37. Nf1 Qe1 38. Qc4 Bxe3+ 39. Kh2
Rb4 40. Qc7 Qh4+ 41. Rh3 Bxf4+ 42. Nxf4 Qxf4+ 43. Qxf4 Rxf4 44. Ra3 Kg7 45. Ne3
h5 46. Kg3 Rfd4 47. Bf1 Kh6 48. Ra6 R8d6 49. Ra5 Rf6 50. Be2 h4+ 51. Kh3 Re6
52. Ng4+ Kg7 53. Ra2 g5 0-1

[Event "European Rapid 2011"]
[Site "Warsaw POL"]
[Date "2011.12.17"]
[Round "6"]
[White "Kravtsiv, Martyn"]
[Black "Dreev, Aleksey"]
[Result "0-1"]
[WhiteElo "2601"]
[BlackElo "2710"]
[PlyCount "42"]
[EventDate "2011.12.17"]

1. e4 c5 2. Nf3 Nc6 3. d4 cxd4 4. Nxd4 Nf6 5. Nc3 d6 6. Bg5 Bd7 7. Qd2 Rc8 8.
O-O-O Nxd4 9. Qxd4 Qa5 10. f4 h6 11. Bxf6 gxf6 12. Be2 Qc5 13. Qd3 f5 14. e5
Bg7 15. Bf3 O-O 16. Rhe1 Rfd8 17. exd6 e6 18. Re3 b5 19. g4 b4 20. Ne2 Bb5 21.
Qd2 Rxd6 0-1

[Event "European Rapid 2011"]
[Site "Warsaw POL"]
[Date "2011.12.17"]
[Round "6"]
[White "Wojtaszek, Radoslaw"]
[Black "Grabarczyk, Miroslaw"]
[Result "1-0"]
[WhiteElo "2705"]
[BlackElo "2457"]
[PlyCount "71"]
[EventDate "2011.12.17"]

1. d4 d5 2. c4 e6 3. Nc3 Nf6 4. Bg5 Be7 5. e3 h6 6. Bh4 O-O 7. Rc1 c6 8. Nf3
Ne4 9. Bxe7 Qxe7 10. Be2 Nd7 11. O-O Ndf6 12. Qb3 Nxc3 13. bxc3 b6 14. cxd5
cxd5 15. c4 Bb7 16. c5 Rfc8 17. Ne5 bxc5 18. dxc5 Bc6 19. Ba6 Rc7 20. Nxc6 Rxc6
21. Qb7 Qxb7 22. Bxb7 Rac8 23. Bxc8 Rxc8 24. Rc2 Kf8 25. Rb1 Rc7 26. c6 Ke7 27.
Rb7 Kd6 28. f3 h5 29. Kf2 h4 30. Ke2 g5 31. h3 Ng8 32. Rb8 Nf6 33. Kd3 Ke7 34.
Rb7 Kd6 35. Rxc7 Kxc7 36. Kd4 1-0

[Event "European Rapid 2011"]
[Site "Warsaw POL"]
[Date "2011.12.17"]
[Round "7"]
[White "Shirov, Alexei"]
[Black "Jobava, Baadur"]
[Result "1/2-1/2"]
[WhiteElo "2705"]
[BlackElo "2678"]
[PlyCount "89"]
[EventDate "2011.12.17"]

1. e4 c5 2. Nf3 d6 3. d4 cxd4 4. Nxd4 Nf6 5. Nc3 Nc6 6. Bg5 e6 7. Qd2 Be7 8.
O-O-O O-O 9. f4 Nxd4 10. Qxd4 Qa5 11. Bc4 Rd8 12. e5 dxe5 13. Qxe5 Qb4 14.
Rxd8+ Bxd8 15. Rd1 Bd7 16. Bb5 h6 17. a3 Qa5 18. Bxd7 Qxe5 19. fxe5 Nxd7 20.
Bf4 Nf8 21. Nb5 Ng6 22. Bg3 a6 23. Nd6 b5 24. Rd4 h5 25. h4 Bb6 26. Re4 Rd8 27.
b4 Bc7 28. c4 f5 29. Rd4 bxc4 30. Kc2 Bb8 31. Nxf5 Rd5 32. Rxd5 exd5 33. Kc3
Kf7 34. e6+ Kf6 35. e7 Nxe7 36. Nxe7 Bxg3 37. Nxd5+ Ke5 38. Kxc4 Bxh4 39. a4
Bd8 40. b5 axb5+ 41. axb5 g5 42. b6 Bxb6 43. Nxb6 Kf4 44. Nd5+ Kg3 45. Ne3
1/2-1/2

[Event "European Rapid 2011"]
[Site "Warsaw POL"]
[Date "2011.12.17"]
[Round "7"]
[White "Korobov, Anton"]
[Black "Polgar, Judit"]
[Result "1/2-1/2"]
[WhiteElo "2660"]
[BlackElo "2710"]
[PlyCount "101"]
[EventDate "2011.12.17"]

1. d4 Nf6 2. c4 g6 3. Nc3 Bg7 4. e4 d6 5. Nf3 O-O 6. Be2 e5 7. O-O Nc6 8. d5
Ne7 9. b4 h6 10. c5 g5 11. Nd2 Ng6 12. g3 Ne8 13. Bg4 f5 14. Bxf5 Bxf5 15. exf5
Rxf5 16. Nde4 Rf7 17. a4 Ne7 18. Qd3 Nf5 19. Be3 Nd4 20. Rac1 Nf3+ 21. Kg2 Qd7
22. h3 g4 23. Rh1 h5 24. Ng5 Nxg5 25. Bxg5 gxh3+ 26. Kg1 Qg4 27. Ne4 Rf3 28.
Qc4 Rf5 29. Bh4 Rf4 30. Re1 a5 31. c6 b6 32. b5 Qf3 33. Rh2 Rg4 34. Rxh3 Bf6
35. Re3 Qf5 36. Bxf6 Nxf6 37. Nxf6+ Qxf6 38. Qe2 Qg6 39. Kh2 Rf8 40. Rh4 Kg7
41. Rxg4 hxg4 42. Kg1 Rf5 43. Re4 Rf3 44. Kg2 Qf5 45. Rxg4+ Qxg4 46. Qxf3 Qxa4
47. Qf5 Qxb5 48. Qd7+ Kg6 49. Qe6+ Kg7 50. Qd7+ Kg6 51. Qe6+ 1/2-1/2

[Event "European Rapid 2011"]
[Site "Warsaw POL"]
[Date "2011.12.17"]
[Round "7"]
[White "Nepomniachtchi, Ian"]
[Black "Belov, Vladimir"]
[Result "1-0"]
[WhiteElo "2730"]
[BlackElo "2641"]
[PlyCount "113"]
[EventDate "2011.12.17"]

1. e4 c5 2. Nf3 d6 3. d4 cxd4 4. Nxd4 Nf6 5. Nc3 a6 6. Be2 e6 7. O-O Be7 8. f4
Qc7 9. a4 O-O 10. Be3 b6 11. Bf3 Bb7 12. g4 Nc6 13. g5 Nxd4 14. Qxd4 Nd7 15.
Qd2 Rfe8 16. Bg2 Bf8 17. Rf3 b5 18. Rh3 Rac8 19. axb5 axb5 20. Rc1 Bc6 21. Qf2
g6 22. Qh4 h6 23. gxh6 Kh7 24. Rf1 Qd8 25. Qg3 f5 26. exf5 exf5 27. Bxc6 Rxc6
28. Qg2 Rc4 29. Nd5 Rce4 30. Ra1 Qb8 31. Rg3 Ra4 32. Rxg6 Rxa1+ 33. Kf2 Bxh6
34. Rxh6+ Kxh6 35. Qg5+ Kh7 36. Bd4 Re5 37. fxe5 dxe5 38. Qxf5+ Kg8 39. Ne7+
Kg7 40. Qg6+ Kf8 41. Bc5 Nxc5 42. Qg8+ Kxe7 43. Qxb8 Ne4+ 44. Ke2 Nd6 45. Qh8
Ke6 46. Qg8+ Kf6 47. h4 Rh1 48. Qg5+ Ke6 49. Qg6+ Ke7 50. Qg2 Rb1 51. b3 Ra1
52. h5 Ra2 53. Qg5+ Ke6 54. Qg6+ Kd5 55. h6 e4 56. h7 Rxc2+ 57. Kd1 1-0

[Event "European Rapid 2011"]
[Site "Warsaw POL"]
[Date "2011.12.17"]
[Round "7"]
[White "Dreev, Aleksey"]
[Black "Socko, Bartosz"]
[Result "1-0"]
[WhiteElo "2710"]
[BlackElo "2635"]
[PlyCount "101"]
[EventDate "2011.12.17"]

1. d4 Nf6 2. c4 e6 3. Nc3 Bb4 4. Qc2 O-O 5. a3 Bxc3+ 6. Qxc3 b6 7. Bg5 d6 8.
Qf3 c6 9. Bxf6 Qxf6 10. Qxf6 gxf6 11. e3 c5 12. Nf3 Bb7 13. Be2 Nd7 14. O-O
Rfd8 15. Rfd1 Kf8 16. dxc5 dxc5 17. Ne1 Ke7 18. f3 f5 19. Kf2 a5 20. a4 Ne5 21.
h3 Nc6 22. Rxd8 Rxd8 23. Rd1 Rxd1 24. Bxd1 Nb4 25. g4 fxg4 26. hxg4 Kf6 27. Kg3
e5 28. Be2 Ke6 29. Kh4 f5 30. Kg5 fxg4 31. fxg4 Be4 32. Kh6 Bg6 33. Nf3 Nc2 34.
Ng5+ Kf6 35. Nxh7+ Bxh7 36. g5+ Kf5 37. Bd3+ Ke6 38. Kxh7 Nxe3 39. Be2 Kd6 40.
g6 Nf5 41. Bd3 Ne7 42. Be4 Ke6 43. Kg7 Nc8 44. Kf8 Kf6 45. g7 Ne7 46. Bf5 Nxf5
47. g8=Q e4 48. Qd5 e3 49. Qe4 Kg5 50. Qe5 Kg4 51. Ke8 1-0

[Event "European Rapid 2011"]
[Site "Warsaw POL"]
[Date "2011.12.17"]
[Round "7"]
[White "Erdos, Viktor"]
[Black "Wojtaszek, Radoslaw"]
[Result "1-0"]
[WhiteElo "2623"]
[BlackElo "2705"]
[PlyCount "135"]
[EventDate "2011.12.17"]

1. d4 Nf6 2. c4 e6 3. Nc3 Bb4 4. Qc2 d5 5. cxd5 Qxd5 6. Nf3 Qf5 7. Qb3 Nc6 8.
Bd2 O-O 9. h3 a5 10. g4 Qg6 11. Bg2 Ne4 12. e3 Nxd2 13. Nxd2 Bd7 14. a3 a4 15.
Qd1 Bd6 16. h4 e5 17. d5 Bxg4 18. h5 Qf5 19. f3 Bxh5 20. dxc6 bxc6 21. Nde4 Bg6
22. Bh3 Qh5 23. Bg2 Qf5 24. Nxa4 Qe6 25. Qc2 Be7 26. Nac5 Qc8 27. Nd3 Ra5 28.
Nc3 Bg5 29. Qe2 Qe6 30. Ne4 Be7 31. Rc1 Rb8 32. f4 exf4 33. Nxf4 Qb3 34. Nxg6
hxg6 35. Rc2 Re5 36. O-O f5 37. Nc3 Bg5 38. Nd1 Kh7 39. Rc3 Qb6 40. Rxc6 Bxe3+
41. Nxe3 Qxe3+ 42. Qxe3 Rxe3 43. Rf2 Reb3 44. Rcc2 R8b5 45. Bf1 Rg3+ 46. Kh2
Rbb3 47. Rxc7 Kh6 48. Rc4 Rge3 49. a4 Re5 50. Rc6 Rb4 51. Rg2 Kh5 52. Rc4 Rxc4
53. Bxc4 g5 54. Rd2 f4 55. Re2 Rc5 56. Re4 Kg4 57. b4 Rc7 58. Be6+ Kf3 59. Rc4
Re7 60. Bd5+ Kf2 61. Rc2+ Ke3 62. Kh3 Re5 63. Bc4 f3 64. Kg3 Re4 65. a5 Rf4 66.
a6 f2 67. Re2+ Kd4 68. Rxf2 1-0

[Event "European Rapid 2011"]
[Site "Warsaw POL"]
[Date "2011.12.17"]
[Round "7"]
[White "Kempinski, Robert"]
[Black "Bacrot, Etienne"]
[Result "1-0"]
[WhiteElo "2603"]
[BlackElo "2714"]
[PlyCount "105"]
[EventDate "2011.12.17"]

1. d4 Nf6 2. c4 g6 3. g3 d5 4. cxd5 Nxd5 5. e4 Nb6 6. Bg2 Bg7 7. Ne2 c5 8. d5
e6 9. O-O O-O 10. Nec3 Na6 11. a4 exd5 12. exd5 Nc4 13. Nd2 Ne5 14. Nde4 c4 15.
Bg5 f6 16. Bf4 Nd3 17. Bd6 f5 18. Bxf8 Qxf8 19. Nd2 Nxb2 20. Qc2 Qb4 21. Rac1
Bd7 22. d6 Kh8 23. Na2 Qa3 24. Bxb7 Qxa2 25. Bxa6 c3 26. Nb1 Qxa4 27. Nxc3 Qxa6
28. Qxb2 Qxd6 29. Rfd1 Qc6 30. Qa3 Re8 31. Nd5 Qa4 32. Qc5 f4 33. Nxf4 Bg4 34.
Re1 Rg8 35. Qd5 Qa3 36. h3 Bf3 37. Qd3 Qxd3 38. Nxd3 Ra8 39. Ne5 Bd5 40. Rc5
Bg8 41. Ra1 Re8 42. f4 g5 43. Rxa7 gxf4 44. gxf4 Rf8 45. Rcc7 Bh6 46. Nf7+ Kg7
47. Nxh6+ Kxh6 48. Ra6+ Kh5 49. Rc5+ Kh4 50. Kh2 h5 51. Raa5 Bf7 52. Rf5 Rg8
53. Rxf7 1-0

[Event "European Rapid 2011"]
[Site "Warsaw POL"]
[Date "2011.12.17"]
[Round "7"]
[White "Zhigalko, Andrey"]
[Black "Naiditsch, Arkadij"]
[Result "0-1"]
[WhiteElo "2572"]
[BlackElo "2712"]
[PlyCount "46"]
[EventDate "2011.12.17"]

1. d4 Nf6 2. c4 e6 3. Nc3 Bb4 4. Qc2 O-O 5. e4 d5 6. e5 Ne4 7. Bd3 c5 8. Nf3
cxd4 9. Nxd4 Nd7 10. Bf4 Qh4 11. g3 Qh5 12. O-O g5 13. cxd5 Nxc3 14. bxc3 gxf4
15. cxb4 Nxe5 16. Rad1 Ng4 17. Nf3 exd5 18. Qd2 fxg3 19. fxg3 Bd7 20. Nd4 Ne5
21. Bf5 Rad8 22. Bxd7 Rxd7 23. Rf5 Qxf5 0-1

[Event "European Rapid 2011"]
[Site "Warsaw POL"]
[Date "2011.12.17"]
[Round "7"]
[White "Moranda, Wojciech"]
[Black "Movsesian, Sergei"]
[Result "0-1"]
[WhiteElo "2568"]
[BlackElo "2710"]
[PlyCount "74"]
[EventDate "2011.12.17"]

1. d4 Nf6 2. c4 d6 3. Nc3 Nbd7 4. e4 e5 5. Nf3 c6 6. Be2 g6 7. O-O Bg7 8. Re1
O-O 9. Bf1 h6 10. d5 c5 11. a3 Nh7 12. b4 f5 13. Rb1 f4 14. bxc5 Nxc5 15. Nd2
Nf6 16. a4 g5 17. Nb3 b6 18. Nxc5 bxc5 19. Rb3 h5 20. Qd3 g4 21. Bd2 Nh7 22.
Reb1 Ng5 23. Rb8 Rxb8 24. Rxb8 Qc7 25. Qb1 h4 26. Ra8 a6 27. Qb8 Qe7 28. Ra7
Qf6 29. Qc7 h3 30. Bc1 hxg2 31. Bxg2 Nf3+ 32. Kh1 Qh6 33. h3 Ng5 34. Ra8 gxh3
35. Bf1 Qh5 36. Be2 Bg4 37. Ra7 Bf6 0-1

[Event "European Rapid 2011"]
[Site "Warsaw POL"]
[Date "2011.12.17"]
[Round "7"]
[White "Lewandowski, Rafal"]
[Black "Riazantsev, Alexander"]
[Result "0-1"]
[WhiteElo "2195"]
[BlackElo "2710"]
[PlyCount "80"]
[EventDate "2011.12.17"]

1. e4 e6 2. d4 d5 3. Nc3 Bb4 4. e5 Ne7 5. a3 Bxc3+ 6. bxc3 b6 7. Qg4 Ng6 8. h4
h5 9. Qg3 Ba6 10. Ne2 Qd7 11. Nf4 Nxf4 12. Bxf4 g6 13. Bd3 Qa4 14. O-O Nc6 15.
Bg5 Bc4 16. Qf4 Rh7 17. Qf6 Kd7 18. Rfb1 Kc8 19. Bxg6 fxg6 20. Qxe6+ Kb7 21.
Qxg6 Rhh8 22. Bf6 Rhg8 23. Qxh5 Qxc2 24. Qf3 Raf8 25. Re1 Qh7 26. Re3 Ne7 27.
Qf4 Nf5 28. Rh3 Ng7 29. h5 Ne8 30. Re1 Rf7 31. Qh4 Qf5 32. h6 Nxf6 33. exf6 Rg4
34. Qxg4 Qxg4 35. h7 Qxh3 36. gxh3 Rxh7 37. Re7 Rxe7 38. fxe7 Bb5 39. h4 Kc8
40. h5 Kd7 0-1

[Event "European Rapid 2011"]
[Site "Warsaw POL"]
[Date "2011.12.17"]
[Round "8"]
[White "Jobava, Baadur"]
[Black "Nepomniachtchi, Ian"]
[Result "1/2-1/2"]
[WhiteElo "2678"]
[BlackElo "2730"]
[PlyCount "86"]
[EventDate "2011.12.17"]

1. d4 Nf6 2. c4 g6 3. Nc3 d5 4. Bg5 Ne4 5. h4 Bg7 6. cxd5 Nxc3 7. bxc3 Qxd5 8.
e3 c5 9. Qf3 Qxf3 10. Nxf3 Nc6 11. Rb1 b6 12. Bb5 Bd7 13. Ke2 cxd4 14. cxd4 Nd8
15. Bxd7+ Kxd7 16. h5 h6 17. Bf4 g5 18. Be5 f6 19. Bh2 Rc8 20. Rhc1 Nf7 21. g4
e6 22. e4 Rhe8 23. Kd3 Bf8 24. e5 fxe5 25. Nxe5+ Nxe5+ 26. Bxe5 Bd6 27. Ke4
Bxe5 28. Kxe5 Rxc1 29. Rxc1 Rf8 30. Rc3 Rxf2 31. Ra3 a5 32. Rb3 Kc7 33. Rc3+
Kd7 34. a4 Rf1 35. Rc2 Rf3 36. Rc1 Rf2 37. Rc3 Rf4 38. Rb3 Kc6 39. Rc3+ Kd7 40.
Rb3 Kc6 41. Rc3+ Kd7 42. Rb3 Kc6 43. Rc3+ Kd7 1/2-1/2

[Event "European Rapid 2011"]
[Site "Warsaw POL"]
[Date "2011.12.17"]
[Round "8"]
[White "Korobov, Anton"]
[Black "Dreev, Aleksey"]
[Result "1-0"]
[WhiteElo "2660"]
[BlackElo "2710"]
[PlyCount "73"]
[EventDate "2011.12.17"]

1. d4 d5 2. c4 c6 3. Nc3 Nf6 4. Nf3 e6 5. Bg5 Nbd7 6. cxd5 exd5 7. e3 Be7 8.
Qc2 Nh5 9. Bxe7 Qxe7 10. O-O-O Nb6 11. h3 Be6 12. Bd3 g6 13. Kb1 Nf6 14. Ne5
Nfd7 15. f4 O-O-O 16. Nf3 Kb8 17. g4 f6 18. Rhe1 Rhe8 19. Qg2 a6 20. h4 c5 21.
Qg3 Ka7 22. e4 dxe4 23. Bxe4 Qd6 24. dxc5 Qxc5 25. Nd4 Bxg4 26. Qxg4 f5 27.
Nxf5 Nf6 28. Rxd8 Rxd8 29. Qg5 Nxe4 30. Qxd8 Nxc3+ 31. bxc3 Qxf5+ 32. Ka1 Qxf4
33. Qd4 Qc7 34. Re6 a5 35. c4 a4 36. a3 h5 37. Rxg6 1-0

[Event "European Rapid 2011"]
[Site "Warsaw POL"]
[Date "2011.12.17"]
[Round "8"]
[White "Sjugirov, Sanan"]
[Black "Shirov, Alexei"]
[Result "1-0"]
[WhiteElo "2622"]
[BlackElo "2705"]
[PlyCount "89"]
[EventDate "2011.12.17"]

1. e4 e5 2. Nf3 Nc6 3. Bb5 a6 4. Ba4 Nf6 5. O-O b5 6. Bb3 Bc5 7. d3 d6 8. a4
Rb8 9. axb5 axb5 10. Be3 O-O 11. Nbd2 Bxe3 12. fxe3 Be6 13. Qe1 Nb4 14. Rc1 c5
15. Bxe6 fxe6 16. Qe2 Ra8 17. c3 Nc6 18. Ra1 d5 19. exd5 exd5 20. d4 Rxa1 21.
Rxa1 e4 22. Ne5 Nxe5 23. dxe5 Nd7 24. Qxb5 Qc7 25. e6 Ne5 26. Rf1 Rb8 27. e7
Nd7 28. Nxe4 Re8 29. Nxc5 Qxc5 30. Qxd7 Qxe3+ 31. Kh1 Qxe7 32. Qxd5+ Kh8 33.
Qf3 h6 34. h3 Qe5 35. b4 Rc8 36. Rc1 Rc4 37. Qd3 Re4 38. Rf1 h5 39. b5 Qe7 40.
c4 h4 41. Rf8+ Qxf8 42. Qxe4 Qf6 43. Qe1 Qd4 44. Qe8+ Kh7 45. Qh5+ 1-0

[Event "European Rapid 2011"]
[Site "Warsaw POL"]
[Date "2011.12.17"]
[Round "8"]
[White "Romanov, Evgeny"]
[Black "Naiditsch, Arkadij"]
[Result "1-0"]
[WhiteElo "2627"]
[BlackElo "2712"]
[PlyCount "55"]
[EventDate "2011.12.17"]

1. c4 Nf6 2. Nf3 c5 3. g3 Nc6 4. d4 cxd4 5. Nxd4 e5 6. Nb5 d6 7. Bg5 Be6 8. e3
Rc8 9. Bxf6 Qxf6 10. N5c3 Qd8 11. Nd5 h5 12. h4 g6 13. Nbc3 f5 14. Bh3 e4 15.
Nxe4 Bg7 16. O-O Bxd5 17. cxd5 Ne5 18. Ng5 Qb6 19. e4 Bf6 20. exf5 Bxg5 21.
hxg5 h4 22. fxg6 Rc7 23. Qa4+ Ke7 24. g7 Rg8 25. Qf4 Rxg7 26. g6 hxg3 27. Qh4+
Kf8 28. Qd8# 1-0

[Event "European Rapid 2011"]
[Site "Warsaw POL"]
[Date "2011.12.17"]
[Round "8"]
[White "Polgar, Judit"]
[Black "Howell, David W L"]
[Result "0-1"]
[WhiteElo "2710"]
[BlackElo "2633"]
[PlyCount "94"]
[EventDate "2011.12.17"]

1. e4 e5 2. Nf3 Nc6 3. Bb5 Nf6 4. d3 d6 5. O-O Be7 6. c3 O-O 7. Nbd2 Nd7 8. d4
Bf6 9. Nc4 exd4 10. cxd4 d5 11. exd5 Nb4 12. Nce5 Nxd5 13. Bd3 Re8 14. Be4 Nf8
15. Bd2 c6 16. Rc1 Be6 17. Re1 Nc7 18. Ba5 Rc8 19. Re3 Bd5 20. Bxd5 Qxd5 21.
Rc5 Qxa2 22. Bxc7 Rxc7 23. d5 Rcc8 24. d6 Rcd8 25. b3 Qa3 26. Rec3 Nd7 27. b4
Qxb4 28. R5c4 Qa5 29. Nxd7 Bxc3 30. Nc5 Rxd6 31. Qf1 Qb5 32. h3 Bf6 33. Kh2 h6
34. Qc1 b6 35. Ne4 Rde6 36. Nxf6+ Rxf6 37. Qc3 c5 38. Rg4 Qc6 39. Nh4 Qd6+ 40.
f4 Kf8 41. Nf3 Re4 42. Ne5 Rexf4 43. Rg3 Rd4 44. Ng4 Rg6 45. Qf3 Kg8 46. Qf5
Rgxg4 47. hxg4 g6 0-1